000 00763nam a2200253 i 4500
001 bg
100 1 _aWŁOSIŃSKI, Władysław
245 1 0 _aThe joining of advanced materials /
_cWładysław Włosiński.
260 _aWarszawa :
_bOficyna Wydawnicza Politechniki Warszawskiej,
_c1999.
300 _a195 s. :
_bfot., rys., wykr. +
_e24 cm.
504 _aBibliogr. s. 193-195.
650 9 _aMetale
_xtechnologia
650 9 _aCeramika
_xtechnologia
650 9 _aKompozyty
_xtechnologia
650 9 _aSpawanie
655 _aPodręczniki akademickie
020 _a8372071470
040 _cBPK
041 0 _aen
080 _a621.791/.795:669.017/.018:666](075.8)
920 _a83-7207-147-0
942 _cKS
008 s pl f |000 0 pol
999 _c36462
_d36462
856 _uhttp://koha.tu.koszalin.pl/cgi-bin/koha/opac-detail.pl?biblionumber=36462
_yKatalog online BPK